NBA Western Conference Playoff Rosters (2023) - Statistics

General Stats
  • This quiz has been taken 7 times
  • The average score is 63 of 109
Answer Stats
GP # Answer % Correct
20 50 Aaron Gordon
100%
13 22 Andrew Wiggins
100%
16 3 Anthony Davis
100%
5 1 Anthony Edwards
100%
16 15 Austin Reaves
100%
7 5 De'Aaron Fox
100%
11 1 Devin Booker
100%
6 24 Dillon Brooks
100%
7 10 Domantas Sabonis
100%
12 23 Draymond Green
100%
5 10 Eric Gordon
100%
5 40 Ivica Zubac
100%
20 27 Jamal Murray
100%
5 12 Ja Morant
100%
7 1 JaMychal Green
100%
6 13 Jaren Jackson Jr.
100%
20 32 Jeff Green
100%
10 00 Johnathan Kuminga
100%
5 32 Karl-Anthony Towns
100%
2 2 Kawhi Leonard
100%
7 13 Keegan Murray
100%
6 17 Kessler Edwards
100%
11 35 Kevin Durant
100%
13 11 Klay Thompson
100%
16 23 LeBron James
100%
20 1 Michael Porter Jr.
100%
5 10 Mike Conley
100%
20 15 Nikola Jokić
100%
6 7 Reggie Jackson
100%
5 27 Rudy Gobert
100%
16 28 Rui Hachimura
100%
5 0 Russell Westbrook
100%
13 30 Stephen Curry
100%
4 3 Terence Davis
100%
6 9 Tristan Thompson
100%
7 3 Chris Paul
80%
19 0 Christian Braun
80%
16 1 D'Angelo Russell
80%
10 22 DeAndre Ayton
80%
6 22 Desmond Bane
80%
7 40 Harrison Barnes
80%
13 3 Jordan Poole
80%
13 5 Kevon Looney
80%
5 33 Nicolas Batum
80%
6 21 Tyus Jones
80%
8 18 Bismack Biyombo
60%
20 11 Bruce Brown
60%
4 6 DeAndre Jordan
60%
16 17 Dennis Schröder
60%
12 8 Gary Payton II
60%
4 14 Ish Smith
60%
20 5 Kentavious Caldwell-Pope
60%
7 9 Kevin Huerter
60%
12 4 Moses Moody
60%
5 9 Nickeil Alexander-Walker
60%
5 24 Norman Powell
60%
12 7 Troy Brown Jr.
60%
6 2 Xavier Tillman
60%
5 22 Zeke Nnaji
60%
4 8 Ziaire Williams
60%
1 7 Amir Coffey
40%
7 15 Davion Mitchell
40%
13 0 Donte DiVincenzo
40%
15 2 Jarred Vanderbilt
40%
10 2 Josh Okogie
40%
4 5 Kyle Anderson
40%
13 4 Lonnie Walker IV
40%
5 10 Luke Kennard
40%
7 0 Malik Monk
40%
5 44 Mason Plumlee
40%
5 8 Peyton Watson
40%
6 7 Santi Aldama
40%
5 14 Terrance Mann
40%
6 21 T.J. Warren
40%
11 0 Torrey Craig
40%
7 25 Alex Len
20%
6 40 Anthony Lamb
20%
5 5 Bones Hyland
20%
7 15 Cameron Payne
20%
3 7 Chimezie Metu
20%
6 27 David Roddy
20%
6 12 Ish Wainright
20%
1 1 Jason Preston
20%
5 4 Jaylen Nowell
20%
5 46 John Konchar
20%
1 8 Josh Minott
20%
10 14 Landry Shamet
20%
11 5 Malik Beasley
20%
3 8 Marcus Morris Sr.
20%
9 10 Max Christie
20%
3 12 Mo Bamba
20%
3 7 Patrick Baldwin Jr.
20%
3 35 PJ Dozier
20%
2 23 Robert Covington
20%
8 0 Shaquille Harrison
20%
5 12 Taurean Prince
20%
1 13 Thomas Bryant
20%
7 41 Trey Lyles
20%
5 31 Vlatko Čančar
20%
10 35 Wenyen Gabriel
20%
4 25 Austin Rivers
0%
1 4 Brandon Boston
0%
8 10 Damion Lee
0%
7 11 Jock Landale
0%
2 6 Jordan McLaughlin
0%
4 6 Kenneth Lofton Jr.
0%
2 13 Nathan Knight
0%
6 8 Terrence Ross
0%
1 7 Wendell Moore Jr.
0%
No matching quizzes found
Score Distribution
Percent of People with Each Score
Percentile by Number Answered
Your Score History
You have not taken this quiz